000 00719nam a2200205 i 4500
001 150814
003 ES-MaACL
005 20250815062641.0
007 t|
008 071113q19001930sp ||||1| spa d
100 1 _aFlint, Robert.
_951221
245 1 3 _aLa filosofía de la historia en Alemania /
_cpor Roberto Flint...; traducción por M. Alonso Paniagua...
260 _aMadrid :
_bLa España Moderna,
_c[19--?] (
_fGabriel L. Horno)
300 _a401 p. ;
_c23 cm.
490 1 _aBiblioteca de jurisprudencia, filosofía e historia
700 1 _aAlonso Paniagua, Manuel.
_920378
830 0 0 _aBiblioteca de jurisprudencia, filosofía e historia
_9180691
852 _aES-MaACL
_jF-14847
999 _c150814
_d150814